000 00893cam a2200277 4500
999 _c18747
_d18747
001 1805031
003 OSt
005 20200602105142.0
008 700629s1969 enkf 001 0 eng
010 _a 78476959
015 _aB69-14641 (v. 2)
040 _coclc
041 1 _aengger
082 0 0 _a335.412
_bMAR/T
100 _aMarx, Karl
_d1818-1883.
_92473
240 1 0 _aTheorien über den Mehrwert.
_lEnglish
245 1 0 _aTheories of surplus value /
_cKarl Marx
260 _aLondon,
_bProgress publishers,
_c1968.
300 _a661p
350 _a20/- (v. 1)
_a30/- (v. 2)
500 _aTranslation of Theorien über den Mehrwert.
500 _aOriginally published, Moscow, Progress Publishers, 1963-1968.
650 0 _aEconomics
_xHistory.
906 _a7
_bcbc
_corignew
_du
_encip
_f19
_gy-gencatlg
942 _2ddc
_cBK
_h335.412
_iMAR/T
_k335.412
_mMAR/T